Principles of transportation engineering / (Record no. 147129)

MARC details
000 -LEADER
fixed length control field 00667nam a22002177a 4500
005 - DATE AND TIME OF LATEST TRANSACTION
control field 20171122142715.0
010 ## - LCCN (DPL NO)
LC control number ENG-121187
020 ## - INTERNATIONAL STANDARD BOOK NUMBER
International Standard Book Number 9788120353459
Terms of availability 525.00
035 ## - SYSTEM CONTROL NUMBER
System control number EN-104719
037 ## - SOURCE OF ACQUISITION
Source of stock number/acquisition DBAD/PUB
082 ## - DEWEY DECIMAL CLASSIFICATION NUMBER
Classification number 629.04
100 ## - MAIN ENTRY--PERSONAL NAME
Personal name Chakroborty,Partha
245 ## - TITLE STATEMENT
Title Principles of transportation engineering /
Statement of responsibility, etc by Partha Chakroborty [and] Animas Das
250 ## - EDITION STATEMENT
Edition statement 2nd ed.
260 ## - PUBLICATION, DISTRIBUTION, ETC. (IMPRINT)
Place of publication, distribution, etc Delhi
Name of publisher, distributor, etc PHI Learning
Date of publication, distribution, etc 2017
270 ## - ADDRESS
Address RImjhim House, 111, Patparganj Industrial Estate
City Delhi
Postal code 110092
300 ## - PHYSICAL DESCRIPTION
Extent xvi,544p.:
Dimensions 25cm(pbk)
Other physical details ill.
500 ## - GENERAL NOTE
General note Includes index
700 ## - ADDED ENTRY--PERSONAL NAME
Personal name Das, Animas
942 ## - ADDED ENTRY ELEMENTS (KOHA)
Source of classification or shelving scheme Dewey Decimal Classification
Item type English Books
Call number suffix CHA
Classification part 629.04
Holdings
Withdrawn status Lost status Not for loan Collection code Home library Current library Date acquired Source of acquisition Cost, normal purchase price Full call number Barcode Copy number Cost, replacement price Koha item type
    Not For Loan Non-fiction D.B.Act.Division Bawana 02/11/2017 DBAD/PUB 525.00 629.04 CHA EN-104719 1 525.00 English Books

© Delhi Public Library
Hit Counter
free hit counter